Εστί θέατρον : και άλλα
Αποθηκεύτηκε σε:
| Κύριος συγγραφέας: | |
|---|---|
| Μορφή: | Βιβλίο |
| Γλώσσα: | Greek |
| Δημοσίευση: |
Αθήνα :
Κέδρος,
1986
|
| Θέματα: | |
| Ετικέτες: |
Προσθήκη ετικέτας
Δεν υπάρχουν, Καταχωρήστε ετικέτα πρώτοι!
|
MARC
| LEADER | 00000nam a2200000 i 4500 | ||
|---|---|---|---|
| 001 | 1/75444 | ||
| 008 | 980625s1986 gre d | ||
| 035 | |l 10032127 | ||
| 040 | |a GR-MY-UA |b gre |e aacr | ||
| 041 | 0 | |a gre | |
| 082 | 0 | |a 792.09495 | |
| 100 | 1 | |a Σολομός, Αλέξης |d 1918- | |
| 245 | 1 | 0 | |a Εστί θέατρον : |b και άλλα / |c Αλέξης Σολομός |
| 260 | |a Αθήνα : |b Κέδρος, |c 1986 | ||
| 300 | |a 145 σ. | ||
| 650 | 0 | 0 | |a Theater |z Greece |x History |y 20th century. |
| 852 | |a INST |b RHODES |e 19980625 |h 792.09495 ΣΟΛ |p 005400006191 |q 005400006191 |t BK |y 0 | ||
| 901 | |a BIBL-1998-2 | ||
| 909 | |a Ρ |b 055266 |c 1998 | ||
| 922 | |a 4ΕΛΗ |b 199802 |c ΚΠΣ/Ν | ||
| 970 | |z 2000/06/ΟΙΚΟΝΟΜΟΠΟΥΛΟΥ (SUBJECT) | ||